000 01090cam a22002054a 4500
005 20250605164032.0
008 250528s ||||||||||||||||||||||||d
035 _a16691
020 _a9608540542
040 _aGR-AtMCL
_bgre
_dGR-AtMCL
_eAACR2
245 1 _aΟικονομικά Μαθηματικά και Στοιχεία Τραπεζικών Εργασιών / Έκδοση Τέταρτη
250 _a
260 _bΑθήνα,
_c1998
300 _a432
520 _aΑπλός Τόκος, Προεξόφληση, Αντικατάσταση Γραμμάτιων, Αγορές Χρήματος και Κεφαλαίου, Χρηματοοικονομικά Προϊόντα, Στοιχεία Πρακτικής Αριθμητικής, Ανατοκισμός, Ράντες, Δάνεια (Ενιαία - Στεγαστικά - Καταναλωτικά - Ομολογιακά), Πίνακες: Ανατοκισμού - Ραντών - Χρεολυσίων.
700 1 _aΑποστολόπουλος Θεοδώρος
_92778
942 _cBK
999 _c2166
_d2166